000 00291nam a22001337a 4500
008 210514b ||||| |||| 00| 0 eng d
041 _aeng
080 _a91
082 _a91
100 _a42
101 _aGJEO
245 _aHawaii's Hidden Treasures
_cCynthia R. Ramsay
942 _2udc
_cBK
999 _c57355
_d57355